000 00445nam a2200181Ia 4500
001 9904
005 20260306161752.0
008 260306t2016||||xx |||||||||||||| ||spa||
041 _aESP
082 _a808.066378
_bM96
100 _aMuñoz Dagua, Clarena
_eAUT
245 0 _aManual de escritura académica:
_bguía total
260 _c2016
300 _a182 páginas :
_c24 cm.
650 _aGEN
654 _aCHU
942 _cLIB
_dJUS
_fJUS
_2ddc
_n
999 _c9904
_d9904